Visión de Ercilla y otros ensayos

Salvato in:
Dettagli Bibliografici
Autore principale: Bulnes, Alfonso (Autore)
Natura: Libro
Lingua:spagnolo
Pubblicazione: Santiago Andrés Bello 1970
Serie:Ensayos, 28
Soggetti:
Tags: Aggiungi Tag
Nessun Tag, puoi essere il primo ad aggiungerne!!

MARC

LEADER 00000nam a2200000 a 4500
001 UCT6635
003 CL-VaPUC
008 970113e19700000CL |||||||||||||||||spa|d
082 0 4 |a Ch864  |b BUL  |2 21 
100 0 |a Bulnes, Alfonso  |e author  |9 376888 
245 1 0 |a Visión de Ercilla y otros ensayos 
300 |a 204 p 
942 |c BK 
945 |d 19970113 00:00:00  |a rleighto 
260 |a Santiago  |b Andrés Bello  |c 1970 
650 0 |a Ensayos chilenos   |9 269132 
583 |a last modification  |c 19970113 00:00:00  |k Rodrigo Vera 
490 0 |a Ensayos, 28 
999 |c 255317  |d 255315 
952 |0 0  |1 0  |4 0  |6 CH_864_000000000000000_BUL_1970  |7 0  |8 A  |9 277519  |a BIBEDU  |b BIBEDU  |d 2019-11-19  |i 3274225  |o Ch864 BUL 1970  |p 3274225  |r 2019-11-19  |w 2019-11-19  |y BK  |k LIT 
952 |0 0  |1 0  |4 0  |6 CH_864_000000000000000_BUL_1970  |7 0  |8 A  |9 277520  |a BIBEDU  |b BIBEDU  |d 2019-11-19  |i 1453726  |o Ch864 BUL 1970  |p 1453726  |r 2019-11-19  |w 2019-11-19  |y BK  |k LIT 
952 |0 0  |1 0  |4 0  |6 CH_864_000000000000000_BUL_1970  |7 0  |8 A  |9 277521  |a BIBHIS  |b BIBHIS  |d 2019-11-19  |i 387964K  |o Ch864 BUL 1970  |p 387964K  |r 2025-01-20  |w 2019-11-19  |y BK  |k HIS